[Event "Challenge"]
[Site "http://www.queenalice.com/game.php?id=363544"]
[Date "2008.3.1"]
[Round "-"]
[White "Marnik1971"]
[Black "hooligan"]
[Result "1-0"]
[WhiteElo "1423"]
[BlackElo "1324"]

1. e4 e5 2. Qf3 Nf6 3. Nh3 h6 4. Nc3 c6 5. d3 Na6 6. Be3 b5 7. Be2 Nb4 8. Bd1 g5
9. g4 a5 10. a3 Na6 11. O-O c5 12. Nxb5 Rb8 13. c4 Bb7 14. Ba4 h5 15. Nxg5 Bc6
16. Nc3 Bb7 17. Nd5 Nxd5 18. Qxf7# 1-0

[Event "Challenge"]
[Site "http://www.queenalice.com/game.php?id=365230"]
[Date "2008.3.4"]
[Round "-"]
[White "Marnik1971"]
[Black "hooligan"]
[Result "1-0"]
[WhiteElo "1414"]
[BlackElo "1333"]

1. e4 e5 2. Nf3 d6 3. Nc3 c6 4. Bd3 Bd7 5. O-O a5 6. b3 b5 7. a4 b4 8. Ne2 Nf6
9. Ng3 h6 10. c3 bxc3 11. dxc3 Ng4 12. Ba3 h5 13. Nf5 Bxf5 14. exf5 e4 15. Bxe4
Be7 16. Qd4 Na6 17. Qxg7 Rf8 18. Bxc6+ Qd7 19. Bxd7+ Kxd7 20. Rad1 Rac8 21. Ng5
Rb8 22. Rb1 Nc5 23. b4 Nxa4 24. Nxf7 Nxc3 25. Rb2 Na4 26. Rd2 Rb6 27. bxa5 Rc6
28. Nxd6 Nc5 29. Re1 1-0

[Event "Challenge"]
[Site "http://www.queenalice.com/game.php?id=366087"]
[Date "2008.3.5"]
[Round "-"]
[White "Marnik1971"]
[Black "hooligan"]
[Result "1-0"]
[WhiteElo "1427"]
[BlackElo "1393"]

1. e4 e5 2. Nf3 d6 3. Be2 Nf6 4. O-O Bg4 5. Ne1 h5 6. Nc3 c6 7. a4 g6 8. Ra3 a6
9. d3 b5 10. axb5 cxb5 11. Nd5 Bxe2 12. Qxe2 Nxd5 13. exd5 Nd7 14. Nf3 f6 15. d4
e4 16. Qxe4+ Be7 17. Qxg6+ Kf8 18. Nh4 a5 19. Re1 a4 20. Nf5 Rg8 21. Bh6+ Rg7
22. Bxg7+ Kg8 23. Bh6+ Kh8 24. Qg7# 1-0

[Event "Challenge"]
[Site "http://www.queenalice.com/game.php?id=366088"]
[Date "2008.3.5"]
[Round "-"]
[White "Marnik1971"]
[Black "hooligan"]
[Result "1-0"]
[WhiteElo "1455"]
[BlackElo "1356"]

1. e4 e5 2. Nf3 d6 3. Be2 Nf6 4. O-O Bg4 5. Ne1 h5 6. Nc3 c6 7. a4 g6 8. d3 Bh6
9. Nf3 b6 10. Be3 g5 11. Nxg5 Bxe2 12. Qxe2 Rg8 13. Nh3 Bxe3 14. Qxe3 d5 15.
exd5 cxd5 16. Qxe5+ Kf8 17. Nf4 Ng4 18. Qxh5 Nf6 19. Qf5 d4 20. Ncd5 Nxd5 21.
Nxd5 Nc6 22. Rae1 a5 23. Qf4 Nb4 24. Nf6 Nxc2 25. Re4 Nb4 26. Qh6+ Rg7 27. Qh8+
1-0

[Event "Challenge"]
[Site "http://www.queenalice.com/game.php?id=366089"]
[Date "2008.3.5"]
[Round "-"]
[White "hooligan"]
[Black "Marnik1971"]
[Result "0-1"]
[WhiteElo "1378"]
[BlackElo "1442"]

1. e4 e5 2. Nf3 Nf6 3. d3 Be7 4. Bg5 O-O 5. Nxe5 d6 6. Nc4 d5 7. Ne5 Bd6 8. Nf3
Qe8 9. Qe2 Be5 10. c3 Bd6 11. e5 Bxe5 12. Nxe5 Bg4 13. f3 Bf5 14. g4 Bc8 15. Qg2
Qxe5+ 16. Be2 Qxg5 17. Na3 Nc6 18. h4 Qf4 19. Nb5 a6 20. Nd4 Nxd4 21. cxd4 Qxd4
22. g5 Nh5 23. g6 hxg6 24. Rc1 c6 25. b3 Qb2 26. Rd1 Nf4 27. Qg5 Qxe2# 0-1

[Event "Challenge"]
[Site "http://www.queenalice.com/game.php?id=368297"]
[Date "2008.3.9"]
[Round "-"]
[White "hooligan"]
[Black "Marnik1971"]
[Result "0-1"]
[WhiteElo "1299"]
[BlackElo "1467"]

1. e4 e5 2. d3 Qf6 3. c3 Bc5 4. Nf3 Ne7 5. h4 Ng6 6. g3 O-O 7. Bg5 Qe6 8. b4 Bd6
9. h5 Nh8 10. h6 g6 11. a3 Nc6 12. Bh3 Qe8 13. Nbd2 f6 14. Qb3+ Nf7 15. Bxf6 Be7
16. Bxe7 Qxe7 17. b5 Nd8 18. a4 c6 19. bxc6 dxc6 20. a5 Be6 21. Qb2 Nxh6 22. Bg2
Ng4 23. d4 Nf7 24. Nxe5 Nfxe5 25. dxe5 Nxe5 26. Qb1 Rad8 27. Bf1 Qd7 28. f4
Qxd2# 0-1

[Event "Challenge"]
[Site "http://www.queenalice.com/game.php?id=368795"]
[Date "2008.3.10"]
[Round "-"]
[White "hooligan"]
[Black "Marnik1971"]
[Result "0-1"]
[WhiteElo "1290"]
[BlackElo "1476"]

1. e4 e5 2. Nf3 Qf6 3. d3 Nh6 4. Nc3 Bd6 5. Nd5 Qe6 6. Ng5 Qg6 7. Nf3 c6 8. Nc7+
Bxc7 9. a4 d5 10. exd5 cxd5 11. Qe2 e4 12. dxe4 dxe4 13. Nd4 O-O 14. h3 Bb6 15.
Nb3 Re8 16. h4 Ng4 17. f3 Nf6 18. f4 Bg4 19. Qb5 Nc6 20. f5 Bxf5 21. a5 Re5 22.
Nc5 Rxc5 23. Qe2 Nxa5 24. Be3 Bg4 25. Qd2 Nc4 26. Bxc4 Rxc4 27. Bxb6 h6 28. Bd4
Rd8 29. Rxa7 Rcxd4 30. Qe3 Rd1+ 31. Kf2 Rxh1 32. Qb6 Qf5+ 33. Ke3 Re1# 0-1

[Event "Challenge"]
[Site "http://www.queenalice.com/game.php?id=368796"]
[Date "2008.3.10"]
[Round "-"]
[White "Marnik1971"]
[Black "hooligan"]
[Result "1-0"]
[WhiteElo "1485"]
[BlackElo "1281"]

1. e4 e5 2. Qf3 Nf6 3. Nh3 h6 4. Bd3 c6 5. O-O a6 6. Nc3 b5 7. Be2 g5 8. d3 b4
9. Na4 g4 10. Qe3 gxh3 11. g3 h5 12. Bd2 d6 13. Bxb4 a5 14. Nb6 Ng4 15. Bxg4 Bh6
16. f4 hxg4 17. Nxa8 Qf6 18. Nc7+ Kd7 19. Bxa5 Na6 20. Qa7 Nc5 21. Nd5+ Ke6 22.
Nxf6 Kxf6 23. Qc7 Ne6 24. Qxd6 Bxf4 25. gxf4 exf4 26. Bc3+ Kg6 27. Bxh8 g3 28.
hxg3 fxg3 29. Rf3 h2+ 30. Kg2 Kh7 31. Bc3 Ng5 32. Rxg3 Be6 33. Rxg5 1-0

[Event "Challenge"]
[Site "http://www.queenalice.com/game.php?id=373752"]
[Date "2008.3.19"]
[Round "-"]
[White "Marnik1971"]
[Black "schakertje"]
[Result "1-0"]
[WhiteElo "1478"]
[BlackElo "1314"]

1. e4 e5 2. Nf3 d6 3. Bd3 Bg4 4. O-O f6 5. Be2 Bxf3 6. Bxf3 g6 7. d3 a5 8. Be3
b6 9. Nc3 Qd7 10. Nd5 f5 11. exf5 gxf5 12. Bh5+ Kd8 13. Bg5+ Be7 14. Be3 Nf6 15.
Nc3 Nc6 16. Bg5 Nxh5 17. Qxh5 h6 18. Bh4 Nd4 19. Rac1 f4 20. Nd5 Bxh4 21. Qxh4+
Kc8 22. Qf6 Qe8 23. Rfe1 Kb7 24. Re4 c5 25. Qxd6 f3 26. Rxe5 Ne2+ 27. Kf1 Rd8
28. Re7+ Ka6 29. Qxb6# 1-0

[Event "Challenge"]
[Site "http://www.queenalice.com/game.php?id=373753"]
[Date "2008.3.19"]
[Round "-"]
[White "Marnik1971"]
[Black "hooligan"]
[Result "1-0"]
[WhiteElo "1490"]
[BlackElo "1389"]

1. e4 e5 2. Nf3 f6 3. Bd3 a5 4. O-O c6 5. Be2 h5 6. d3 g5 7. Be3 g4 8. Nh4 Be7
9. f3 g3 10. hxg3 b6 11. Bf2 f5 12. Nxf5 h4 13. gxh4 Bc5 14. d4 exd4 15. Bxd4
Bxd4+ 16. Qxd4 Nf6 17. Qe5+ Kf8 18. Qd6+ Kg8 19. Bc4+ Kh7 20. e5 Ne8 21. h5 Nxd6
22. exd6 Qf6 23. Nc3 Qxf5 24. Rae1 b5 25. Bd3 Rf8 26. Bxf5+ Rxf5 27. Re7+ Kh6
28. g4 Rf4 29. Ne2 Rc4 30. c3 Na6 31. Rd1 b4 32. Rd4 Rc5 33. c4 a4 34. Nc1 Rg5
35. Rf4 Nc5 36. Rf6+ Rg6 37. hxg6 Kg5 38. Ref7 Bb7 39. Kg2 Rg8 40. Kg3 Rxg6 41.
f4+ Kh6 42. Kh4 Rxf6 43. Rxf6+ Kg7 44. g5 Ne4 45. Rh6 Ba6 46. b3 a3 47. f5 c5
48. f6+ Kf7 49. Nd3 Bxc4 50. Ne5+ Ke6 51. Nxc4 Kf7 52. Kg4 Nf2+ 53. Kf5 Nd3 54.
g6+ Kf8 55. g7+ Kf7 56. Rh8 Nb2 57. g8=Q# 1-0

[Event "Challenge"]
[Site "http://www.queenalice.com/game.php?id=373754"]
[Date "2008.3.19"]
[Round "-"]
[White "schakertje"]
[Black "Marnik1971"]
[Result "1-0"]
[WhiteElo "1314"]
[BlackElo "1493"]

1. d4 d5 2. e3 Nc6 3. Bb5 Bd7 4. c3 Nf6 5. Qb3 Na5 6. Bxd7+ Qxd7 7. Nf3 Nxb3 8.
axb3 Ne4 9. h4 O-O-O 10. Bd2 Qd6 11. Rxa7 f6 12. b4 Qb6 13. Ra3 e5 14. dxe5 fxe5
15. Nxe5 Re8 16. Ra8# 1-0

[Event "Challenge"]
[Site "http://www.queenalice.com/game.php?id=373755"]
[Date "2008.3.19"]
[Round "-"]
[White "hooligan"]
[Black "Marnik1971"]
[Result "0-1"]
[WhiteElo "1275"]
[BlackElo "1470"]

1. e4 e5 2. c3 Nf6 3. f3 Bd6 4. b4 O-O 5. h4 Be7 6. g4 d6 7. g5 Ne8 8. g6 fxg6
9. h5 g5 10. Na3 Nf6 11. c4 Qe8 12. Nb5 Na6 13. Na3 Nxb4 14. Nb5 Na6 15. a4 c6
16. Na3 Nxh5 17. c5 Nxc5 18. Bc4+ Rf7 19. Bxf7+ Qxf7 20. Qe2 Nxa4 21. Nc4 b5 22.
Na3 Ng3 23. Qg2 Nxh1 24. Qxh1 g4 25. Bb2 Nxb2 26. fxg4 Bxg4 27. Rb1 Nd3# 0-1

[Event "Invitation"]
[Site "http://www.queenalice.com/game.php?id=376517"]
[Date "2008.3.25"]
[Round "-"]
[White "dylan1d"]
[Black "Marnik1971"]
[Result "0-1"]
[WhiteElo "1156"]
[BlackElo "1487"]

1. d4 e6 2. c3 d6 3. e4 Nf6 4. e5 Ne4 5. f3 Qh4+ 6. g3 Nxg3 7. hxg3 Qxh1 8. Nh3
dxe5 9. Qe2 exd4 10. Na3 Bd6 11. Nb5 Bxg3+ 12. Kd1 Na6 13. Kd2 e5 14. Bg2 Qg1
15. Nxg1 O-O 16. cxd4 Rd8 17. a4 c6 18. Nc3 Bf5 19. Bh3 g6 20. Qg2 Bh4 21. Bxf5
Rxd4+ 22. Ke3 Rad8 23. Bh3 Nc5 24. Nce2 Rd3# 0-1

[Event "nog eenje marnik"]
[Site "http://www.queenalice.com/game.php?id=377123"]
[Date "2008.3.25"]
[Round "-"]
[White "dylan1d"]
[Black "Marnik1971"]
[Result "0-1"]
[WhiteElo "1173"]
[BlackElo "1516"]

1. e4 e5 2. Nf3 d6 3. d3 b6 4. h4 Bg4 5. Nbd2 Qf6 6. Be2 h5 7. Nb1 Qg6 8. Nfd2
Be6 9. Nb3 Qxg2 10. Bf3 Qg6 11. Ke2 Bg4 12. Qg1 Nh6 13. Bxh6 gxh6 14. Bxg4 hxg4
15. f3 g3 16. Qg2 Be7 17. h5 Qg8 18. Rg1 Bh4 19. Qh3 Qg5 20. N3d2 Rg8 21. Nf1
Qf4 22. Nxg3 Bxg3 23. Rxg3 Rxg3 24. Nd2 Nc6 25. Qh2 Nd4+ 26. Kf2 Qxd2+ 27. Kxg3
Qxh2+ 28. Kxh2 Nxc2 29. Rc1 Nd4 30. Rxc7 Ne6 31. Rc6 Kd7 32. Rc2 Rc8 33. Rxc8
Kxc8 34. b4 Nd4 35. Kg2 Kb7 36. Kf2 b5 37. Ke3 Kb6 38. a3 Nc2+ 39. Kd2 Nxa3 40.
Kc3 a6 41. Kb2 a5 42. Kxa3 a4 43. Ka2 Kc6 44. Ka3 Kd7 45. Ka2 Ke6 46. Ka3 Kf6
47. Ka2 Kg5 48. Ka3 Kxh5 49. Ka2 Kh4 50. Ka3 Kg3 51. Ka2 Kxf3 52. Ka3 Ke3 53. d4
Kxd4 54. Ka2 Kxe4 55. Ka3 Kd4 56. Ka2 e4 57. Ka3 e3 58. Ka2 e2 59. Ka3 e1=Q 60.
Ka2 Qxb4 61. Ka1 a3 62. Ka2 Qb2# 0-1

[Event "bebe"]
[Site "http://www.queenalice.com/game.php?id=377186"]
[Date "2008.3.26"]
[Round "-"]
[White "Marnik1971"]
[Black "dylan1d"]
[Result "1-0"]
[WhiteElo "1502"]
[BlackElo "1150"]

1. e3 e6 2. Qf3 d5 3. d4 Bb4+ 4. c3 Ba5 5. e4 dxe4 6. Qxe4 Bd7 7. Qe5 f6 8. Qxa5
b6 9. Qh5+ g6 10. Qg4 Nh6 11. Qf3 Bc6 12. Bb5 Bxb5 13. Qxa8 O-O 14. Qxa7 Nc6 15.
Qb7 Qc8 16. Qxc8 Rxc8 17. Ne2 Bxe2 18. Kxe2 Ra8 19. Bxh6 g5 20. Nd2 e5 21. Ne4
Rf8 22. Bxf8 Kxf8 23. Nxf6 Kg7 24. dxe5 Nxe5 25. Nd5 c6 26. Rad1 cxd5 27. Rxd5
Nf7 28. Rd7 b5 29. Rhd1 Kf6 30. R1d5 Ke6 31. Rd4 Ne5 32. R4d6+ Kf5 33. Rxh7 g4
34. Rb6 Nc4 35. Rxb5+ Ne5 36. Rh5+ Kf4 37. g3+ Ke4 38. Rhxe5# 1-0

[Event "Challenge"]
[Site "http://www.queenalice.com/game.php?id=377474"]
[Date "2008.3.26"]
[Round "-"]
[White "Marnik1971"]
[Black "hooligan"]
[Result "1-0"]
[WhiteElo "1504"]
[BlackElo "1411"]

1. d3 e5 2. e4 d6 3. Nh3 f6 4. Be2 g6 5. O-O Nc6 6. Bd2 h6 7. Kh1 Nd4 8. Re1 g5
9. c3 Nb5 10. d4 Nxd4 11. cxd4 exd4 12. Bc1 b6 13. Qxd4 Bb7 14. Bf3 c6 15. Bh5+
Ke7 16. Nc3 c5 17. Qc4 Rc8 18. Qf7# 1-0

[Event "Challenge"]
[Site "http://www.queenalice.com/game.php?id=377475"]
[Date "2008.3.26"]
[Round "-"]
[White "hooligan"]
[Black "Marnik1971"]
[Result "0-1"]
[WhiteElo "1399"]
[BlackElo "1529"]

1. e4 e5 2. Nf3 Qf6 3. c3 Na6 4. h4 d6 5. d3 Bd7 6. Ng1 Nc5 7. b4 Ne6 8. g4 Qe7
9. g5 g6 10. Nf3 O-O-O 11. a4 Bg7 12. a5 c6 13. h5 gxh5 14. Rxh5 Nf4 15. Bxf4
exf4 16. Na3 h6 17. b5 cxb5 18. g6 fxg6 19. Rd5 a6 20. c4 bxc4 21. Nxc4 Nf6 22.
Nxd6+ Kb8 23. Rd4 Ng4 24. Rb1 Bc6 25. Bh3 h5 26. Nxb7 Bxb7 27. Qb3 Rd7 28. Rc4
Rc8 29. Rxc8+ Kxc8 30. Bxg4 hxg4 31. Rc1+ Kd8 32. Qb6+ Ke8 33. Qxg6+ Kf8 34. Ng5
Qa3 35. Qf5+ Ke8 36. Qe6+ Qe7 37. Qg6+ Kf8 38. Nh7+ Kg8 39. Nf6+ Qxf6 40. Qe8+
Kh7 41. Qxd7 Qf7 42. Qa4 Be5 43. Kd2 Kg7 44. Rc5 Qe7 45. Rc1 Qd6 46. Qb3 Bc6 47.
Qc4 f3 48. Rg1 Bf4+ 49. Ke1 g3 50. Rf1 g2 51. Qc3+ Be5 52. Qc1 Bh2 53. Qg5+ Kf7
54. Qh5+ Ke7 55. Qh7+ Kd8 56. Qg8+ Kc7 57. Qg7+ Bd7 58. Qc3+ Bc6 59. Qg7+ Bd7
60. Qc3+ Kb7 61. Qb3+ Bb5 62. Qf7+ Kc6 63. Qe8+ Kb7 64. Qf7+ Kc8 65. Qg8+ Kc7
66. Qh7+ Kc6 67. e5 Qxe5+ 68. Qe4+ Qxe4+ 69. dxe4 gxf1=Q+ 70. Kd2 Qxf2+ 71. Kc3
Qe3+ 72. Kb2 Be5+ 73. Kb1 Qb3+ 74. Kc1 Bf4# 0-1

[Event "Challenge"]
[Site "http://www.queenalice.com/game.php?id=377476"]
[Date "2008.3.26"]
[Round "-"]
[White "Marnik1971"]
[Black "schakertje"]
[Result "1-0"]
[WhiteElo "1518"]
[BlackElo "1340"]

1. d3 e5 2. e4 d6 3. Nf3 Bg4 4. Be2 Bxf3 5. Bxf3 h6 6. O-O Be7 7. c3 Nf6 8. Nd2
g5 9. Nc4 Nc6 10. Re1 h5 11. Bxg5 Ng8 12. Bxh5 Bxg5 13. Qg4 Kf8 14. Ne3 Nf6 15.
Qxg5 Nxh5 16. Qg4 a5 17. Nf5 Nf6 18. Qg7+ Ke8 19. Qxh8+ Kd7 20. Qg7 Ke6 21. Re3
d5 22. Rh3 Ra6 23. Rh8 Ne8 24. Rh6+ f6 25. Qg8+ Kd7 26. Qxd5+ Nd6 27. Rh7+ Kc8
28. Qe6+ Kb8 29. Rd7 Qc8 30. Ne7 Qe8 31. Re1 Nxe7 32. Rxe7 Qd8 33. Qxf6 Rb6 34.
b3 Rb5 35. Re3 a4 36. b4 a3 37. Rh3 b6 38. Rh8 Kc8 39. Rxd8+ Kxd8 40. Qf8+ Ne8
41. Qxe8# 1-0

[Event "Challenge"]
[Site "http://www.queenalice.com/game.php?id=377625"]
[Date "2008.3.26"]
[Round "-"]
[White "Marnik1971"]
[Black "dylan1d"]
[Result "1-0"]
[WhiteElo "1527"]
[BlackElo "1128"]

1. d4 d5 2. e3 Bg4 3. Qxg4 e6 4. e4 dxe4 5. Qxe4 f5 6. Qxb7 Nd7 7. Bg5 Qxg5 8.
Qxa8+ Qd8 9. Qxa7 e5 10. dxe5 Nxe5 11. Bb5+ c6 12. Ba4 Qd7 13. Qa8+ Qd8 14. Qb7
Qd7 15. Qb6 Ne7 16. Nf3 Nd5 17. Qd4 Qe6 18. O-O Nxf3+ 19. gxf3 Qe2 20. Bxc6+ Kf7
21. Qxd5+ Qe6 22. Be8+ Kf6 23. Qd8+ Qe7 24. Qxe7+ Bxe7 25. Bb5 Rb8 26. Nc3 Bb4
27. a4 Bxc3 28. bxc3 Ke6 29. Rfe1+ Kd6 30. Rab1 Kc7 31. Re7+ Kb6 32. Rxg7 Ka5
33. Ra1 Rxb5 34. Rxh7 f4 35. Rf7 Rb2 36. Rf5+ Kb6 37. a5+ Ka6 38. Rxf4 Rxc2 39.
Rc4 Kb5 40. Raa4 Rxc3 41. a6 Rxc4 42. Rxc4 Kxc4 43. a7 Kc5 44. a8=Q Kd4 45. Qe8
Kc5 46. f4 Kd4 47. f5 Kc5 48. f6 Kd4 49. f7 Kc5 50. f8=Q+ Kd4 51. Qd6+ Kc3 52.
Qc8+ Kb3 53. Qb6+ Ka3 54. Qa8# 1-0

[Event "Challenge"]
[Site "http://www.queenalice.com/game.php?id=382239"]
[Date "2008.4.4"]
[Round "-"]
[White "pierjean"]
[Black "Marnik1971"]
[Result "1-0"]
[WhiteElo "1100"]
[BlackElo "1540"]

1. e4 e5 2. Nf3 Qf6 3. Bc4 Nh6 4. O-O Bc5 5. d3 a6 6. Nc3 c6 7. Ne2 g6 8. Bd2
O-O 9. Bxh6 Re8 10. Qd2 Bf8 11. Be3 c5 12. Nc3 Qh8 13. Nd5 Bd6 14. Bg5 Re6 15.
Nb6 f6 16. Bxe6+ dxe6 17. Nxa8 fxg5 18. Qxg5 Nd7 19. Rfe1 b6 20. c3 Bb7 21. Qd8+
1-0

[Event "Challenge"]
[Site "http://www.queenalice.com/game.php?id=382270"]
[Date "2008.4.4"]
[Round "-"]
[White "dylan1d"]
[Black "Marnik1971"]
[Result "1-0"]
[WhiteElo "1122"]
[BlackElo "1508"]

1. d4 Nc6 2. d5 Nb8 3. h4 e6 4. dxe6 fxe6 5. Bg5 Ne7 6. Bxe7 Bxe7 7. Qd3 O-O 8.
f3 Bxh4+ 9. Kd1 d6 10. e3 e5 11. Qd5+ Kh8 12. c4 c6 13. Qe4 d5 14. Qxh4 Qxh4 15.
Rxh4 Na6 16. cxd5 cxd5 17. e4 dxe4 18. Rxe4 Re8 19. Bxa6 bxa6 20. Nd2 Be6 21.
Rxe5 Rad8 22. Rc1 Rd5 23. Rxd5 Bxd5 24. Rc7 Ra8 25. Rd7 Be6 26. Rd6 Bxa2 27.
Rxa6 Bd5 28. Nh3 h6 29. Nf4 Bb7 30. Ng6+ Kh7 31. Re6 Bc8 32. Nf8+ Kg8 33. Re8
Kf7 34. Rd8 Rb8 35. Nd7 1-0

[Event "Challenge"]
[Site "http://www.queenalice.com/game.php?id=384778"]
[Date "2008.4.9"]
[Round "-"]
[White "hooligan"]
[Black "Marnik1971"]
[Result "0-1"]
[WhiteElo "1413"]
[BlackElo "1540"]

1. e4 e5 2. d3 b6 3. g3 Bb7 4. Nf3 Qf6 5. Nfd2 Bc5 6. Nf3 d5 7. Bg5 Qg6 8. h4 h5
9. Nc3 f6 10. Bd2 d4 11. Na4 Bd6 12. c3 b5 13. Bh3 Ne7 14. cxd4 bxa4 15. Qxa4+
Bc6 16. Qd1 Na6 17. a3 exd4 18. Nxd4 Nc5 19. b4 Nxd3+ 20. Kf1 Bxe4 21. Qa4+ Kf8
22. Ne6+ Kg8 23. Nd4 Be5 24. Be6+ Kf8 25. Nc6 Re8 26. Nxe7 Rxe7 27. Rb1 Rxe6 28.
Ke2 Qg4+ 29. Kf1 Qf3 30. Rh2 Bd4 31. Be1 Rh6 32. Qa6 Rxa6 33. b5 Rxa3 34. b6
cxb6 35. Bb4+ Bc5 36. Bxa3 Bxa3 37. Rb3 Bc5 38. Rc3 Rg6 39. Rc4 Nxf2 40. Ra4
Nd3+ 41. Rf2 Nxf2 42. Rxa7 Nd3# 0-1

[Event "Challenge"]
[Site "http://www.queenalice.com/game.php?id=387124"]
[Date "2008.4.13"]
[Round "-"]
[White "schakertje"]
[Black "Marnik1971"]
[Result "1-0"]
[WhiteElo "1329"]
[BlackElo "1557"]

1. f4 d6 2. Nf3 Nh6 3. e3 e5 4. b3 e4 5. Ng5 f6 6. Nh3 Bg4 7. Be2 f5 8. Ng5 Be7
9. Ne6 Qd7 10. Nxg7+ Kf7 11. Bb2 Bf6 12. Bxf6 Kxf6 13. h3 Qxg7 14. hxg4 Nxg4 15.
Bxg4 fxg4 16. g3 Kf5 17. Rh5+ Kf6 18. Rb5 b6 19. Rg5 Qh6 20. d3 Rg8 21. Rxg8 Kf7
22. Rxg4 Qh1+ 23. Kd2 Qh2+ 24. Kc3 Qh5 25. a4 Qc5+ 26. Kd2 Nc6 27. Qh1 Rh8 28.
Nc3 Qf5 29. Rh4 Ne7 30. a5 b5 31. a6 b4 32. Ne2 c5 33. Ra5 Qd7 34. Rxh7+ Ke6 35.
Qxe4+ Kf6 36. Rxh8 Ng6 37. Rh6 Qf5 38. Qxf5+ Kxf5 39. Rb5 Ne7 40. Rb7 Ng8 41.
Rh8 Nf6 42. Rxa7 Kg4 43. Re7 Nd5 44. Rg7+ Kf3 45. Re8 Nf6 46. Rd8 Nh5 47. a7
Nxg7 48. a8=Q+ Kf2 49. Qe4 Nh5 50. Rg8 Nf6 51. Qe6 Nxg8 52. Qxg8 1-0

[Event "Challenge"]
[Site "http://www.queenalice.com/game.php?id=387125"]
[Date "2008.4.13"]
[Round "-"]
[White "Marnik1971"]
[Black "schakertje"]
[Result "1-0"]
[WhiteElo "1551"]
[BlackElo "1304"]

1. e4 c5 2. d3 Nc6 3. Na3 d6 4. Be3 g6 5. d4 Bg7 6. c3 Qb6 7. Nc4 Qxb2 8. Nxb2
h5 9. Bc4 Bg4 10. Qb3 b6 11. Bxf7+ Kd7 12. Bxg6 Rh6 13. Bf7 Nf6 14. h3 Rf8 15.
Bd5 Na5 16. Qb5+ Kc8 17. Qa6+ Kc7 18. Qxa7+ Kd8 19. Qxb6+ Kd7 20. Qxa5 Nxd5 21.
exd5 Ke8 22. hxg4 cxd4 23. cxd4 Kf7 24. Bxh6 Bxh6 25. Rxh5 Kg6 26. Qa7 Rf7 27.
Nh3 e6 28. dxe6 Rxa7 29. a4 Re7 30. d5 Bg7 31. f4 Bc3+ 32. Kd1 Bxb2 33. f5+ Kf6
34. Ra2 Rb7 35. a5 Bd4 36. a6 Rc7 37. Rh6+ Ke5 38. a7 Bxa7 39. Ra5 Bb6 40. Rb5
Be3 41. Rg6 Ra7 42. f6 Ra1+ 43. Ke2 Bc5 44. e7 Ra8 45. f7 Kd4 46. e8=Q Ra2+ 47.
Kf3 Ra3+ 48. Kf4 Kxd5 49. Qe4# 1-0